000 00812nam a22002655a 4500
001 003106
003 armpunfd
005 20150624192621.0
008 141027s1983####ag############000#0#und#d
020 _a9501411931
080 _a343.13 R 824
100 1 _aRubianes, Carlos J.
245 1 0 _aManual de Derecho Procesal Penal :
_bTeoria General de los Procesos Penal y Civil. El derecho Procesal y sus fuentes. Jurisdicción. Acción y Defensa. Proceso /
250 _a5ª Reimp.
260 _aBuenos Aires :
_bDepalma,
_c1983.
300 _a486 P.
650 7 _aActos Procesales
_2LEMB
650 7 _aDerecho Procesal Penal
_2LEMB
650 7 _aExcarcelacion
_2LEMB
650 7 _aHabeas Corpus
_2LEMB
650 7 _aProceso Penal
_2LEMB
651 _2LEMB
945 _acd
_d2014-10-27
999 _c3458
_d233962